Sociología islámica

Gardado en:
Detalles Bibliográficos
Autor Principal: Ahmad, Hazrat Mirza Ghulam (Author)
Formato: Libro
Idioma:Lingua castelá
Publicado: Ciudad de Guatemala Misión Ahmadia del Islam 2010
Subjects:
Tags: Engadir etiqueta
Sen Etiquetas, Sexa o primeiro en etiquetar este rexistro!

MARC

LEADER 00000nam a2200000 a 4500
001 UCG5358
003 CL-VaPUC
008 110303e20100700gt |||||||||||||||||spa|d
082 0 4 |a 297  |b AHM  |2 21 
100 0 |a Ahmad, Hazrat Mirza Ghulam  |e author  |9 555000 
245 1 0 |a Sociología islámica 
300 |a 48 p 
942 |c BK 
945 |d 20110303 00:00:00  |a dcastane 
260 |a Ciudad de Guatemala  |b Misión Ahmadia del Islam  |c 2010 
650 0 |a Islamismo  |9 314084 
650 0 |a Creencias religiosas   |9 373391 
650 7 |a ISLAM FILOSOFIA  |2 CL-VaPUC  |9 555003 
650 0 |a Musulmanes  |9 332296 
583 |a last modification  |c 20171123 02:52:43  |k Rodrigo Vera 
999 |c 343886  |d 343884 
952 |0 0  |1 0  |4 0  |6 297_000000000000000_AHM_2010  |7 0  |8 A  |9 441577  |a BIBTEO  |b BIBTEO  |d 2019-11-22  |i 4751035  |o 297 AHM 2010  |p 4751035  |r 2025-01-17  |w 2019-11-22  |y BK  |k ICR